| 000 | 00347nam a2200145Ia 4500 | ||
|---|---|---|---|
| 008 | 150201s1992 xx 000 0 und d | ||
| 082 |
_a294.6 _bG1992S |
||
| 100 | _aSINGH,PATWANT | ||
| 245 | _aGURDWARAS IN INDIA | ||
| 250 | _a1ST | ||
| 260 |
_bTOPPAN & COP _aSINGAPORE _c1992 |
||
| 300 | _a1-213 | ||
| 650 | _aGENERAL DENTISTRY | ||
| 942 |
_2ddc _cBK |
||
| 999 |
_c4295 _d4295 |
||